[Event "España ch-2015 sub-18"]
[Site "Salobrena ESP"]
[Date "2015.07.31"]
[Round "8.18"]
[White "Abalia Patino, Aritz"]
[Black "Fernandez Alvarez, Luis"]
[Result "1/2-1/2"]
[WhiteElo "1951"]
[BlackElo "2059"]
[PlyCount "60"]
[EventDate "2015.07.27"]
[EventType "swiss"]
[EventRounds "9"]
[EventCountry "ESP"]
[Source "lmi"]
[SourceDate "2015.07.27"]

1. e4 d5 2. exd5 Qxd5 3. Nc3 Qd6 4. d4 Nf6 5. Nf3 g6 6. Bg5 Bg7 7. Qd2 O-O 8.
O-O-O a6 9. Bh6 b5 10. Bxg7 Kxg7 11. h4 Bg4 12. Ne2 c5 13. dxc5 Qxc5 14. Nfd4
e5 15. f3 exd4 16. fxg4 Nxg4 17. Nxd4 h5 18. Qf4 Nc6 19. Be2 Nce5 20. Rhe1 Rac8
21. Rd2 Rc7 22. Red1 Rfc8 23. Kb1 Qe7 24. Bxg4 Nxg4 25. g3 Rc4 26. Re2 Qc7 27.
Qg5 Rc5 28. Qf4 Qxf4 29. gxf4 R5c7 30. Rc1 Rc5 1/2-1/2

[Event "España ch-2015 sub-18"]
[Site "Salobrena ESP"]
[Date "2015.07.31"]
[Round "8.19"]
[White "Capote Robayna, Johanna"]
[Black "Garcia-Castany Musellas, Gal.la"]
[Result "0-1"]
[WhiteElo "1887"]
[BlackElo "2034"]
[PlyCount "82"]
[EventDate "2015.07.27"]
[EventType "swiss"]
[EventRounds "9"]
[EventCountry "ESP"]
[Source "lmi"]
[SourceDate "2015.07.27"]

1. Nf3 d5 2. g3 g6 3. Bg2 Bg7 4. d3 e5 5. Nbd2 Ne7 6. O-O O-O 7. e4 d4 8. Nc4
b5 9. Ncd2 Bb7 10. a4 a6 11. axb5 axb5 12. Rxa8 Bxa8 13. Ng5 Nd7 14. Nh3 Nc6
15. f4 exf4 16. Nxf4 Nce5 17. Nf3 Qe7 18. Nxd4 Qc5 19. Nfe2 Nc6 20. c3 Nxd4 21.
cxd4 Bxd4+ 22. Nxd4 Qxd4+ 23. Kh1 Ne5 24. Bh6 Re8 25. Qe2 Nxd3 26. Qf3 f5 27.
Be3 Qxe4 28. Qxe4 Bxe4 29. Bxe4 Rxe4 30. Bc1 c5 31. Kg1 c4 32. Rd1 Nxc1 33.
Rxc1 Re2 34. Rb1 b4 35. h4 c3 36. bxc3 bxc3 37. Rb8+ Kf7 38. Rc8 c2 39. Kf1 Rd2
40. Rc7+ Kf6 41. Rc6+ Ke5 0-1

[Event "España ch-2015 sub-18"]
[Site "Salobrena ESP"]
[Date "2015.07.31"]
[Round "8.20"]
[White "Mazo Fernandez, Roberto"]
[Black "Antunez Muñoz, Ines"]
[Result "0-1"]
[WhiteElo "2025"]
[BlackElo "1873"]
[PlyCount "100"]
[EventDate "2015.07.27"]
[EventType "swiss"]
[EventRounds "9"]
[EventCountry "ESP"]
[Source "lmi"]
[SourceDate "2015.07.27"]

1. d4 d5 2. c4 e6 3. Nc3 Nf6 4. Bg5 Be7 5. e3 O-O 6. Nf3 h6 7. Bxf6 Bxf6 8. Qd2
c6 9. h4 g6 10. g4 Bg7 11. O-O-O a5 12. g5 h5 13. e4 Na6 14. e5 dxc4 15. Bxc4
b5 16. Be2 Nb4 17. Kb1 Bb7 18. a3 Nd5 19. Ne4 b4 20. a4 Ba6 21. Bxa6 Rxa6 22.
Rc1 Rb6 23. Rc5 Nc3+ 24. Nxc3 bxc3 25. Qxc3 Qc7 26. Rxa5 Rfb8 27. Rb5 Rxb5 28.
axb5 Rxb5 29. Nd2 Qb7 30. Rc1 Bf8 31. Nc4 Qa6 32. Rc2 Rb4 33. b3 Rb8 34. Ra2
Qb5 35. Kc2 Qd5 36. Qd3 c5 37. Ne3 Qf3 38. Kb1 cxd4 39. Qxd4 Rxb3+ 40. Rb2
Rxb2+ 41. Qxb2 Qe4+ 42. Nc2 Qxh4 43. Nd4 Qxg5 44. Nc6 Qf5+ 45. Ka1 Qe4 46. Nb8
Qe1+ 47. Ka2 Qa5+ 48. Kb1 Qb4 49. Nd7 Qxb2+ 50. Kxb2 Be7 0-1

[Event "España ch-2015 sub-18"]
[Site "Salobrena ESP"]
[Date "2015.07.31"]
[Round "8.21"]
[White "Picos Maiztegui, Miguel"]
[Black "Hevia Fernandez, Guillermo"]
[Result "1-0"]
[WhiteElo "2023"]
[BlackElo "1795"]
[PlyCount "60"]
[EventDate "2015.07.27"]
[EventType "swiss"]
[EventRounds "9"]
[EventCountry "ESP"]
[Source "lmi"]
[SourceDate "2015.07.27"]

1. e4 c6 2. d4 d5 3. e5 c5 4. dxc5 Nc6 5. f4 e6 6. Be3 d4 7. Bc1 Bxc5 8. Bd3
Nge7 9. Nf3 a6 10. O-O Nf5 11. Qe2 O-O 12. Kh1 b5 13. Nbd2 Bb7 14. Ne4 Ba7 15.
a4 Nb4 16. axb5 Nxd3 17. cxd3 axb5 18. Bd2 Qe7 19. Rfc1 Bb6 20. Be1 Rfd8 21. g4
Rxa1 22. Rxa1 Ne3 23. Bh4 Qd7 24. Bxd8 Qxd8 25. h3 Bxe4 26. dxe4 d3 27. Qd2 Nc4
28. Qc3 d2 29. Nxd2 Nxd2 30. Qc6 Qe7 1-0

[Event "España ch-2015 sub-18"]
[Site "Salobrena ESP"]
[Date "2015.07.31"]
[Round "8.22"]
[White "Perez Gonzalez, Daniel"]
[Black "Garcia Porlan, Beatriz"]
[Result "0-1"]
[WhiteElo "1852"]
[BlackElo "2006"]
[PlyCount "78"]
[EventDate "2015.07.27"]
[EventType "swiss"]
[EventRounds "9"]
[EventCountry "ESP"]
[Source "lmi"]
[SourceDate "2015.07.27"]

1. Nf3 d5 2. c4 e6 3. e3 Nf6 4. Nc3 c6 5. b3 Nbd7 6. Qc2 Bd6 7. Bb2 a6 8. Rg1
h5 9. h3 h4 10. O-O-O b5 11. cxd5 cxd5 12. Kb1 Bb7 13. d4 Rc8 14. Qe2 Bb4 15.
Rc1 Qa5 16. Qd3 Ne4 17. Nd1 O-O 18. Rxc8 Rxc8 19. Be2 Ba3 20. Re1 b4 21. Nd2
Bxb2 22. Kxb2 Qa3+ 23. Ka1 Nxd2 24. Nb2 Ne4 25. Na4 Rc1+ 26. Rxc1 Qxc1+ 27. Qb1
Qxb1+ 28. Kxb1 Nxf2 29. a3 bxa3 30. Ka2 Ne4 31. Kxa3 Kf8 32. Kb4 Ng3 33. Bd3
Nf5 34. Bxf5 exf5 35. Nc5 Nxc5 36. Kxc5 Ke7 37. Kb6 Bc8 38. Kc6 Ke6 39. b4 Bd7+
0-1

[Event "España ch-2015 sub-18"]
[Site "Salobrena ESP"]
[Date "2015.07.31"]
[Round "8.23"]
[White "Garrido Piriz, Pablo"]
[Black "Gonzalez Santamartina, Jorge"]
[Result "0-1"]
[WhiteElo "2138"]
[BlackElo "1991"]
[PlyCount "123"]
[EventDate "2015.07.27"]
[EventType "swiss"]
[EventRounds "9"]
[EventCountry "ESP"]
[Source "lmi"]
[SourceDate "2015.07.27"]

1. e4 e5 2. Nf3 Nc6 3. d4 exd4 4. Bc4 Nf6 5. e5 d5 6. Bb5 Ne4 7. Nxd4 Bd7 8.
Bxc6 bxc6 9. O-O Bc5 10. f3 Ng5 11. Be3 O-O 12. f4 Ne4 13. Nd2 f5 14. Nxe4 fxe4
15. Qd2 Bb6 16. Nb3 Qe7 17. Qc3 Rf7 18. Nc5 Raf8 19. b4 Ra8 20. Qe1 a5 21. c3
Rff8 22. a4 Rfb8 23. Qe2 Bc8 24. Rf2 Qe8 25. Bd4 Qg6 26. Qe3 Bxc5 27. Bxc5 Bf5
28. h3 h5 29. g4 hxg4 30. Rg2 g3 31. Rxg3 Qe6 32. Rg5 Kf7 33. h4 Rh8 34. h5 Rh6
35. bxa5 Rxa5 36. Bb4 Ra8 37. a5 Rah8 38. Qe2 g6 39. a6 Rxh5 40. Rxh5 gxh5 41.
a7 Bg4 42. Qf2 Ra8 43. Bc5 Bf3 44. Qg3 Rg8 45. Qxg8+ Kxg8 46. a8=Q+ Kh7 47. Qa2
Qg4+ 48. Kf1 Qh3+ 49. Ke1 Bg4 50. Kd2 Qd3+ 51. Kc1 Qxc3+ 52. Kb1 Qxc5 53. Qc2
Qxc2+ 54. Kxc2 Kg6 55. Kd2 Kf5 56. Rc1 Kxf4 57. Rxc6 e3+ 58. Kd3 e2 59. Kd2
Kxe5 60. Rxc7 Kf4 61. Ke1 Kg3 62. Rc6 0-1

[Event "España ch-2015 sub-18"]
[Site "Salobrena ESP"]
[Date "2015.07.31"]
[Round "8.24"]
[White "Campins Machado, Francesc"]
[Black "Redondo Benavente, Jose Carlos"]
[Result "1/2-1/2"]
[WhiteElo "2127"]
[BlackElo "1988"]
[PlyCount "191"]
[EventDate "2015.07.27"]
[EventType "swiss"]
[EventRounds "9"]
[EventCountry "ESP"]
[Source "lmi"]
[SourceDate "2015.07.27"]

1. Nf3 Nf6 2. d4 d6 3. c4 g6 4. Nc3 Bf5 5. g3 Ne4 6. Qb3 Nxc3 7. Qxc3 Bg7 8.
Bg2 Be4 9. O-O O-O 10. Qb3 b6 11. Rd1 c5 12. e3 Nc6 13. d5 Na5 14. Qa4 Qe8 15.
Qxe8 Rfxe8 16. Nd2 Bc2 17. Re1 Bd3 18. Bf1 Bxf1 19. Kxf1 a6 20. a4 Reb8 21. Ke2
Ra7 22. Ra3 e6 23. dxe6 fxe6 24. Rd3 Rd7 25. b3 b5 26. Ne4 bxc4 27. bxc4 Nxc4
28. Nxc5 Re7 29. Ne4 d5 30. Nd2 Rc7 31. Rb3 Rbc8 32. Rd1 Na5 33. Rb1 Rc2 34.
Kf3 Ra2 35. Rb6 Rc6 36. Rxc6 Nxc6 37. Nb3 Rxa4 38. Bd2 Ne5+ 39. Kg2 Nc4 40. Rb1
Ra2 41. Bc1 a5 42. Nc5 Ra1 43. Rb8+ Kf7 44. Rb7+ Kf6 45. Bb2+ Nxb2 46. Rxb2 a4
47. Rb7 a3 48. Nxe6 Kxe6 49. Rxg7 Rb1 50. Ra7 Rb3 51. Rxh7 a2 52. Ra7 Rb2 53.
h4 Kd6 54. g4 Kc5 55. h5 gxh5 56. gxh5 d4 57. exd4+ Kxd4 58. h6 Rb6 59. Rxa2
Rxh6 60. Re2 Rg6+ 61. Kf3 Rf6+ 62. Kg3 Kd3 63. Re5 Kd4 64. Re8 Rg6+ 65. Kh4 Rf6
66. Kg3 Rg6+ 67. Kf3 Rf6+ 68. Kg2 Rg6+ 69. Kh3 Rf6 70. Re2 Kd3 71. Re3+ Kd4 72.
Kg3 Rg6+ 73. Kf3 Rf6+ 74. Ke2 Rf4 75. f3 Rf5 76. Kf2 Re5 77. Ra3 Rb5 78. Kg3
Ke5 79. Kg4 Kf6 80. Ra6+ Kf7 81. f4 Kg7 82. f5 Kf7 83. Kg5 Rb7 84. Rc6 Ra7 85.
Rh6 Kf8 86. Kg6 Rg7+ 87. Kf6 Rf7+ 88. Ke6 Re7+ 89. Kd6 Ra7 90. Ke5 Ra5+ 91. Kf4
Kg7 92. Rb6 Ra1 93. Rb5 Kf6 94. Rb6+ Kf7 95. Rb4 Kf6 96. Ke4 1/2-1/2

[Event "España ch-2015 sub-18"]
[Site "Salobrena ESP"]
[Date "2015.07.31"]
[Round "8.25"]
[White "Lacruz Algarate, Alvaro"]
[Black "Gonzalez Capacete, Jose Miguel"]
[Result "1-0"]
[WhiteElo "2072"]
[BlackElo "1977"]
[PlyCount "31"]
[EventDate "2015.07.27"]
[EventType "swiss"]
[EventRounds "9"]
[EventCountry "ESP"]
[Source "lmi"]
[SourceDate "2015.07.27"]

1. e4 e6 2. d4 d5 3. e5 c5 4. c3 Nc6 5. Nf3 Bd7 6. a3 f6 7. b4 cxd4 8. cxd4 Rc8
9. Bd3 Qc7 10. Bb2 Nh6 11. O-O Nf7 12. exf6 gxf6 13. Re1 Kd8 14. Nc3 h5 15. Rc1
Rg8 16. b5 1-0

[Event "España ch-2015 sub-18"]
[Site "Salobrena ESP"]
[Date "2015.07.31"]
[Round "8.26"]
[White "Lozano Osorio, Isaac"]
[Black "Bernal Gomez, Alejandro"]
[Result "1/2-1/2"]
[WhiteElo "1987"]
[BlackElo "2044"]
[PlyCount "71"]
[EventDate "2015.07.27"]
[EventType "swiss"]
[EventRounds "9"]
[EventCountry "ESP"]
[Source "lmi"]
[SourceDate "2015.07.27"]

1. e4 c5 2. Nf3 d6 3. d4 cxd4 4. Nxd4 Nf6 5. Nc3 g6 6. Be3 Bg7 7. Bc4 Nc6 8. f3
O-O 9. Qd2 Bd7 10. O-O-O Na5 11. Bb3 Rb8 12. Bh6 Bxh6 13. Qxh6 e5 14. Nde2 b5
15. Rxd6 b4 16. Nd5 Nxb3+ 17. axb3 Nxd5 18. Rxd5 Qc7 19. Kb1 Be6 20. Rd3 a5 21.
f4 f5 22. Rg3 Rbe8 23. fxe5 fxe4 24. Qe3 Rc8 25. Nd4 Rfd8 26. Qxe4 Rxd4 27.
Qxd4 Qxc2+ 28. Ka1 a4 29. Qd6 axb3 30. Qxe6+ Kg7 31. Qf6+ Kg8 32. Rxg6+ hxg6
33. Qe6+ Kg7 34. Qe7+ Kh6 35. Qh4+ Kg7 36. Qe7+ 1/2-1/2

[Event "España ch-2015 sub-18"]
[Site "Salobrena ESP"]
[Date "2015.07.31"]
[Round "8.27"]
[White "Rivas Diaz, Pablo"]
[Black "Marquez Marvizon, Alejandra"]
[Result "1/2-1/2"]
[WhiteElo "2029"]
[BlackElo "1968"]
[PlyCount "89"]
[EventDate "2015.07.27"]
[EventType "swiss"]
[EventRounds "9"]
[EventCountry "ESP"]
[Source "lmi"]
[SourceDate "2015.07.27"]

1. e4 e6 2. d4 d5 3. Nd2 dxe4 4. Nxe4 Nd7 5. Nf3 Ngf6 6. Bd3 c5 7. Nxf6+ Nxf6
8. dxc5 Bxc5 9. O-O O-O 10. Qe2 b6 11. Ne5 Bb7 12. Rd1 Qc7 13. Bg5 Nd5 14. c4
f6 15. Nf3 fxg5 16. Qxe6+ Kh8 17. cxd5 Rae8 18. Qh3 h6 19. Rac1 Qf7 20. Kh1 Bc8
21. Qg3 Qf6 22. Re1 Bd6 23. Rxe8 Rxe8 24. Rc6 Qxb2 25. Qxd6 Bf5 26. h4 Bxd3 27.
Qg3 gxh4 28. Nxh4 Re1+ 29. Kh2 Qe5 30. Qxe5 Rxe5 31. d6 Rd5 32. Rc7 Rxd6 33.
Rxa7 Kh7 34. Kg3 Rd4 35. Nf3 Rb4 36. a3 Rb2 37. Ne5 Bf1 38. Ra4 b5 39. Rb4 Ra2
40. Rb3 Rd2 41. Nf3 Rd6 42. Ne5 Rd2 43. Nf3 Rd5 44. Rc3 Rd6 45. Ne5 1/2-1/2

[Event "España ch-2015 sub-18"]
[Site "Salobrena ESP"]
[Date "2015.07.31"]
[Round "8.28"]
[White "Garcia Gonzalez, Omar"]
[Black "Porlan Minarro, Antonio"]
[Result "0-1"]
[WhiteElo "1964"]
[BlackElo "2040"]
[PlyCount "116"]
[EventDate "2015.07.27"]
[EventType "swiss"]
[EventRounds "9"]
[EventCountry "ESP"]
[Source "lmi"]
[SourceDate "2015.07.27"]

1. e4 c5 2. Nf3 Nf6 3. Nc3 d5 4. exd5 Nxd5 5. Bc4 Nxc3 6. bxc3 Nc6 7. O-O e6 8.
d4 Be7 9. Be3 O-O 10. Qd2 b6 11. Rfd1 Bb7 12. Qe2 Qc7 13. Rd2 Na5 14. Ba6 Bd5
15. c4 Bxf3 16. gxf3 cxd4 17. Bxd4 Rfd8 18. Rad1 Nc6 19. Bc3 Rxd2 20. Rxd2 Rd8
21. Rxd8+ Bxd8 22. Qe4 Ne7 23. Be5 Qc6 24. Qd4 Qe8 25. Bb5 Qf8 26. Qd7 Ng6 27.
Bb8 a5 28. Kf1 Qe7 29. Bd6 Qxd7 30. Bxd7 Be7 31. Bxe7 Nxe7 32. Ke2 Nf5 33. Kd3
Kf8 34. c5 Ke7 35. Ba4 bxc5 36. Kc4 Kd6 37. Kb5 Nd4+ 38. Kxa5 Nxf3 39. Kb6 Nxh2
40. Bc6 Ng4 41. a4 Ne5 42. Bh1 Nd7+ 43. Kb7 c4 44. a5 g5 45. a6 Nc5+ 46. Kb6
Nxa6 47. Kxa6 Kc5 48. c3 f5 49. Kb7 e5 50. Kc7 e4 51. Kd7 Kd5 52. Ke7 Ke5 53.
Kf7 f4 54. Kg7 e3 55. fxe3 fxe3 56. Bf3 Kf4 57. Be2 g4 58. Bf1 Ke5 0-1

[Event "España ch-2015 sub-18"]
[Site "Salobrena ESP"]
[Date "2015.07.31"]
[Round "8.29"]
[White "Garcia Martin, Guillermo"]
[Black "Prado Acebo, Ines"]
[Result "0-1"]
[WhiteElo "1791"]
[BlackElo "2029"]
[PlyCount "54"]
[EventDate "2015.07.27"]
[EventType "swiss"]
[EventRounds "9"]
[EventCountry "ESP"]
[Source "lmi"]
[SourceDate "2015.07.27"]

1. e4 c5 2. Nf3 e6 3. c3 Nf6 4. e5 Nd5 5. d4 cxd4 6. cxd4 b6 7. Bd3 Ba6 8. O-O
Be7 9. Bxa6 Nxa6 10. Bd2 O-O 11. Nc3 Nxc3 12. Bxc3 Nc7 13. Qe2 Nd5 14. Rac1 a6
15. Rc2 Kh8 16. Rfc1 f6 17. Bd2 Rg8 18. exf6 gxf6 19. h3 Qe8 20. Nh2 Bd6 21.
Ng4 Qg6 22. Qf3 h5 23. Nh2 Nf4 24. Rc3 Ne2+ 25. Kh1 Nxd4 26. Qxa8 Rxa8 27. Ra1
Bf8 0-1

[Event "España ch-2015 sub-18"]
[Site "Salobrena ESP"]
[Date "2015.07.31"]
[Round "8.30"]
[White "Santos Martinez, Guillermo"]
[Black "Gonzalez Fernandez, Pedro"]
[Result "1-0"]
[WhiteElo "1940"]
[BlackElo "1825"]
[PlyCount "59"]
[EventDate "2015.07.27"]
[EventType "swiss"]
[EventRounds "9"]
[EventCountry "ESP"]
[Source "lmi"]
[SourceDate "2015.07.27"]

1. d4 d5 2. c4 dxc4 3. e3 Nf6 4. Bxc4 a6 5. Nf3 b5 6. Bd3 Bb7 7. O-O e6 8. Re1
c5 9. dxc5 Bxc5 10. Qe2 Nbd7 11. Bc2 O-O 12. Rd1 Qc7 13. a3 h6 14. b4 Ba7 15.
Bb2 Bxf3 16. gxf3 Ne5 17. Rc1 Qd6 18. f4 Ned7 19. Nc3 e5 20. Ne4 Qe6 21. Nxf6+
Nxf6 22. Bxe5 Rfd8 23. Rd1 Rac8 24. Rxd8+ Rxd8 25. Rd1 Rxd1+ 26. Qxd1 Nd7 27.
Qf3 Nb6 28. Bd4 f5 29. Qg3 g6 30. Qh4 1-0

[Event "España ch-2015 sub-18"]
[Site "Salobrena ESP"]
[Date "2015.07.31"]
[Round "8.31"]
[White "De la Calle Fuentes, Sergio"]
[Black "Sanchez Ruesga, Carlos"]
[Result "0-1"]
[WhiteElo "1712"]
[BlackElo "1933"]
[PlyCount "66"]
[EventDate "2015.07.27"]
[EventType "swiss"]
[EventRounds "9"]
[EventCountry "ESP"]
[Source "lmi"]
[SourceDate "2015.07.27"]

1. e4 c5 2. c4 e6 3. Nc3 a6 4. g3 Qc7 5. Bg2 Nf6 6. d3 Be7 7. Nge2 O-O 8. O-O
Nc6 9. h3 Rb8 10. a4 b6 11. Be3 Bb7 12. f4 d6 13. g4 Nd7 14. g5 Nb4 15. Na2
Nxa2 16. Rxa2 f6 17. gxf6 Bxf6 18. Qe1 Ba8 19. Qg3 b5 20. axb5 axb5 21. Rfa1
bxc4 22. Ra7 Qc8 23. dxc4 Bc6 24. Qg4 Re8 25. Ng3 Rxb2 26. Nh5 Rxg2+ 27. Qxg2
Bxa1 28. Rxa1 g6 29. Ra7 Re7 30. Qg5 Rf7 31. f5 exf5 32. Nf4 Ne5 33. Rxf7 Nf3+
0-1

[Event "España ch-2015 sub-18"]
[Site "Salobrena ESP"]
[Date "2015.07.31"]
[Round "8.32"]
[White "Redondo Benavente, Ana"]
[Black "Zuñiga Arraras, Marina"]
[Result "1/2-1/2"]
[WhiteElo "1920"]
[BlackElo "1781"]
[PlyCount "134"]
[EventDate "2015.07.27"]
[EventType "swiss"]
[EventRounds "9"]
[EventCountry "ESP"]
[Source "lmi"]
[SourceDate "2015.07.27"]

1. e4 c5 2. c3 e6 3. d4 d5 4. e5 Qb6 5. Nf3 Nc6 6. a3 f6 7. Bd3 cxd4 8. cxd4
fxe5 9. dxe5 Nge7 10. O-O g6 11. Nc3 Bg7 12. Be3 Qd8 13. Bf4 O-O 14. Qd2 a6 15.
Bh6 Nf5 16. Bxg7 Kxg7 17. b4 Nh4 18. Nxh4 Qxh4 19. f4 b5 20. g3 Qe7 21. Qb2 Bd7
22. Rfc1 Rab8 23. Bf1 Kg8 24. Bh3 Rfc8 25. Qb3 Nd4 26. Qa2 Nf5 27. Qd2 Rc4 28.
Bxf5 gxf5 29. Ne2 Rbc8 30. Nd4 Be8 31. Kg2 Bf7 32. Nb3 Qc7 33. Nc5 Qc6 34. Kg1
Bh5 35. Qd3 Kf7 36. h3 Rg8 37. Kh2 Bg6 38. Rc3 Ra8 39. Rcc1 a5 40. Qd2 a4 41.
Qd3 Rg8 42. Rc3 h5 43. h4 Ke7 44. Rac1 Rd8 45. Qf3 Rc8 46. Qd3 Be8 47. Rd1 Ra8
48. Qc2 Ra7 49. Rc1 Ra8 50. Nd3 Rc8 51. Nc5 Ra8 52. Qd2 Rc8 53. Qg2 Rc7 54.
Rxc4 bxc4 55. Qd2 Qb5 56. Qf2 Rc6 57. g4 hxg4 58. h5 Kf8 59. Qh4 Rxc5 60. Qf6+
Kg8 61. Qxe6+ Bf7 62. Qxf5 c3 63. bxc5 Qe2+ 64. Kg1 Qe3+ 65. Kg2 Qf3+ 66. Kg1
Qe3+ 67. Kg2 Qf3+ 1/2-1/2

[Event "España ch-2015 sub-18"]
[Site "Salobrena ESP"]
[Date "2015.07.31"]
[Round "8.33"]
[White "Ruiz Sicilia, Juan Carlos"]
[Black "Martinez Hernandez, Paula"]
[Result "0-1"]
[WhiteElo "1911"]
[BlackElo "1714"]
[PlyCount "58"]
[EventDate "2015.07.27"]
[EventType "swiss"]
[EventRounds "9"]
[EventCountry "ESP"]
[Source "lmi"]
[SourceDate "2015.07.27"]

1. c4 f5 2. Nc3 Nf6 3. g3 g6 4. Bg2 Bg7 5. Nf3 O-O 6. O-O d6 7. d4 c6 8. Bg5 h6
9. Bxf6 Bxf6 10. Rb1 e5 11. dxe5 dxe5 12. e4 f4 13. gxf4 exf4 14. e5 Bg7 15.
Qxd8 Rxd8 16. Rbd1 Re8 17. Rfe1 Bg4 18. Rd6 Nd7 19. e6 Nb6 20. Nd4 Nxc4 21. Rd7
Nb6 22. Rd6 Bxd4 23. Rxd4 Rxe6 24. Rxe6 Bxe6 25. Rxf4 Bf5 26. Rd4 Re8 27. h3
Kf7 28. Ne4 Bxe4 29. Bxe4 c5 0-1

[Event "España ch-2015 sub-18"]
[Site "Salobrena ESP"]
[Date "2015.07.31"]
[Round "8.34"]
[White "Alfaro Garcia del Cerro, Juan L"]
[Black "Gallego Sosa, Clara"]
[Result "1-0"]
[WhiteElo "1872"]
[BlackElo "1723"]
[PlyCount "61"]
[EventDate "2015.07.27"]
[EventType "swiss"]
[EventRounds "9"]
[EventCountry "ESP"]
[Source "lmi"]
[SourceDate "2015.07.27"]

1. e4 c5 2. Nf3 d6 3. Bb5+ Bd7 4. Bxd7+ Qxd7 5. c4 Nf6 6. Nc3 g6 7. O-O Bg7 8.
d4 cxd4 9. Nxd4 O-O 10. f3 Nc6 11. Be3 Ne5 12. b3 a6 13. Rc1 e6 14. Qe2 Rfd8
15. Rfd1 Qc7 16. Qf2 Qa5 17. Nde2 Qb4 18. Bb6 Rd7 19. Na4 Rc8 20. Nd4 d5 21. c5
dxe4 22. Nc2 Rxd1+ 23. Rxd1 e3 24. Qxe3 Nxf3+ 25. Qxf3 Qb5 26. Nc3 Qe8 27. Qxb7
Ra8 28. c6 Rb8 29. Qxb8 Qxb8 30. Rd8+ Qxd8 31. Bxd8 1-0

[Event "España ch-2015 sub-18"]
[Site "Salobrena ESP"]
[Date "2015.07.31"]
[Round "8.35"]
[White "Tevar Becerra, Alvaro"]
[Black "Rodriguez Garcia, Miguel"]
[Result "1/2-1/2"]
[WhiteElo "1857"]
[BlackElo "1695"]
[PlyCount "134"]
[EventDate "2015.07.27"]
[EventType "swiss"]
[EventRounds "9"]
[EventCountry "ESP"]
[Source "lmi"]
[SourceDate "2015.07.27"]

1. e4 c6 2. d4 d5 3. exd5 cxd5 4. Nf3 Nf6 5. Nc3 Nc6 6. Bb5 a6 7. Bxc6+ bxc6 8.
Ne5 Qb6 9. O-O Bf5 10. Na4 Qb5 11. b3 e6 12. c4 Qb7 13. Be3 Bd6 14. cxd5 cxd5
15. Nc5 Bxc5 16. dxc5 Qc7 17. Qd4 O-O 18. g4 Bg6 19. Bf4 Qa5 20. a4 Ne4 21. b4
Qd8 22. f3 Ng5 23. h4 Nh3+ 24. Kg2 Nxf4+ 25. Qxf4 Qxh4 26. Rh1 Qf6 27. Qxf6
gxf6 28. Nd7 Rfd8 29. Nxf6+ Kg7 30. Nh5+ Bxh5 31. Rxh5 Rab8 32. Rb1 a5 33. b5
Rdc8 34. c6 Rxc6 35. Rbh1 Rc2+ 36. Kg3 Rh8 37. Ra1 Rb2 38. g5 Kg6 39. Kg4 Rc8
40. Rh6+ Kg7 41. Kf4 Rg2 42. Rh5 Rc4+ 43. Ke5 Re2+ 44. Kd6 d4 45. Rh4 Rb2 46.
Re4 Rbb4 47. Ke5 Rxa4 48. Rxa4 Rxa4 49. Rxd4 Ra3 50. Kd6 Rxf3 51. Ra4 Rf5 52.
Rxa5 Rxg5 53. Kc6 Kh6 54. Ra7 Rg8 55. Rxf7 Kg6 56. Rf1 Rb8 57. b6 h5 58. Kc7
Rh8 59. b7 Kg5 60. Rg1+ Kf4 61. Rd1 h4 62. Rd8 Rh7+ 63. Rd7 Rh8 64. Rd8 Rh7+
65. Rd7 Rh8 66. b8=Q Rxb8 67. Kxb8 h3 1/2-1/2

[Event "España ch-2015 sub-18"]
[Site "Salobrena ESP"]
[Date "2015.07.31"]
[Round "8.36"]
[White "Laseca Arana, Irati"]
[Black "Soriano Gracia, Manuel"]
[Result "0-1"]
[WhiteElo "1597"]
[BlackElo "1844"]
[PlyCount "78"]
[EventDate "2015.07.27"]
[EventType "swiss"]
[EventRounds "9"]
[EventCountry "ESP"]
[Source "lmi"]
[SourceDate "2015.07.27"]

1. e4 e5 2. Nc3 Nc6 3. Bc4 Nf6 4. d3 Bc5 5. f4 d6 6. Nf3 a6 7. Ng5 Rf8 8. f5 h6
9. Nf3 Na5 10. Qe2 Nxc4 11. dxc4 Bd7 12. Bd2 Qe7 13. O-O-O O-O-O 14. h3 Ng8 15.
g4 g6 16. Rhf1 Bc6 17. Qe1 Bd4 18. Nh4 g5 19. f6 Qe6 20. Nd5 gxh4 21. Qxh4 Bxd5
22. cxd5 Qd7 23. Rh1 c6 24. Bxh6 Nxh6 25. Qxh6 Rh8 26. Qd2 cxd5 27. exd5 Rh4
28. c3 Bb6 29. Qg2 Rdh8 30. Rd3 Qxg4 31. Rg3 Qf4+ 32. Kc2 Qxf6 33. Rf1 Rf4 34.
Rg8+ Rxg8 35. Qxg8+ Kd7 36. Rxf4 Qxf4 37. h4 Qe4+ 38. Kb3 Qxd5+ 39. c4 Qd3+ 0-1

[Event "España ch-2015 sub-18"]
[Site "Salobrena ESP"]
[Date "2015.07.31"]
[Round "8.37"]
[White "Garreta Nieto, Maria"]
[Black "Sebastian Cantarino, Adrian"]
[Result "0-1"]
[WhiteElo "1627"]
[BlackElo "1883"]
[PlyCount "74"]
[EventDate "2015.07.27"]
[EventType "swiss"]
[EventRounds "9"]
[EventCountry "ESP"]
[Source "lmi"]
[SourceDate "2015.07.27"]

1. e4 e5 2. Nf3 Nc6 3. d4 exd4 4. Nxd4 Bc5 5. Nb3 Bb6 6. Nc3 d6 7. Qe2 Nge7 8.
Be3 O-O 9. O-O-O Ne5 10. f3 Be6 11. Kb1 f5 12. Qd2 fxe4 13. Nxe4 Bxe3 14. Qxe3
Nd5 15. Qd2 Qe7 16. Nd4 Nf6 17. Nxf6+ Qxf6 18. Bd3 Nxd3 19. Qxd3 Rfe8 20. Rhe1
a6 21. g4 Bf7 22. a3 Re5 23. Re2 Rd5 24. Qe3 c5 25. Rh1 Qxd4 26. Qc1 Re5 27.
Rd2 Qc4 28. b3 Qe6 29. f4 Re2 30. f5 Qe5 31. h4 Re8 32. Rdd1 d5 33. Rhf1 Qe3
34. Qb2 d4 35. g5 Rf2 36. g6 hxg6 37. fxg6 Bxg6 0-1

[Event "España ch-2015 sub-18"]
[Site "Salobrena ESP"]
[Date "2015.07.31"]
[Round "8.38"]
[White "Arrese-Igor Royuela, Alex"]
[Black "Cribilles Perez, Carlos"]
[Result "1/2-1/2"]
[WhiteElo "1693"]
[BlackElo "1844"]
[PlyCount "93"]
[EventDate "2015.07.27"]
[EventType "swiss"]
[EventRounds "9"]
[EventCountry "ESP"]
[Source "lmi"]
[SourceDate "2015.07.27"]

1. d4 Nf6 2. Nf3 g6 3. e3 Bg7 4. c4 O-O 5. b3 d6 6. h3 Nbd7 7. Nc3 e5 8. Bb2
exd4 9. exd4 Re8+ 10. Be2 Nf8 11. O-O d5 12. Qc2 Ne6 13. cxd5 Nxd5 14. Nxd5
Qxd5 15. Bc4 Qd6 16. Rfd1 Nf4 17. Rac1 Bf5 18. Qd2 c6 19. Ne5 Nd5 20. Bd3 Bxd3
21. Qxd3 Re7 22. Qf3 Rae8 23. Re1 Nb4 24. a3 f6 25. Nd3 Nxd3 26. Rxe7 Qxe7 27.
Qxd3 Qe2 28. Qc4+ Qxc4 29. bxc4 f5 30. Rc2 Rd8 31. Rd2 Kf7 32. Kf1 Ke7 33. d5
Bxb2 34. Rxb2 b6 35. Re2+ Kd7 36. Rd2 Kc7 37. Ke2 cxd5 38. cxd5 Kd6 39. Kd3 Rc8
40. Re2 Rc7 41. Kd4 Rc1 42. Re6+ Kd7 43. Ke5 Rd1 44. Rd6+ Ke7 45. Re6+ Kd7 46.
Rd6+ Ke7 47. Re6+ 1/2-1/2

[Event "España ch-2015 sub-18"]
[Site "Salobrena ESP"]
[Date "2015.07.31"]
[Round "8.40"]
[White "Gonzalez Benavides, Pilar"]
[Black "Santamaria Fernandez, Guillermo"]
[Result "1-0"]
[WhiteElo "1673"]
[BlackElo "1804"]
[PlyCount "52"]
[EventDate "2015.07.27"]
[EventType "swiss"]
[EventRounds "9"]
[EventCountry "ESP"]
[Source "lmi"]
[SourceDate "2015.07.27"]

1. e4 e6 2. Nf3 d5 3. Nc3 Nf6 4. e5 Nfd7 5. d4 c5 6. dxc5 Nc6 7. Bf4 Bxc5 8.
Bd3 a6 9. O-O b5 10. a3 Be7 11. Re1 Nc5 12. Ne2 Bb7 13. Ned4 Nxd3 14. Qxd3 O-O
15. Nxc6 Bxc6 16. Nd4 Qd7 17. Re3 Rfc8 18. Rh3 g6 19. Qg3 f5 20. exf6 Bxf6 21.
Be5 Qf7 22. Re1 Bd7 23. c3 Be7 24. Re3 Rf8 25. Rf3 Qe8 26. Rxh7 Bc8 1-0